Úspora nákladov na prípravu teplej vody v bytovom dome
Gespeichert in:
| 1. Verfasser: | |
|---|---|
| Weitere Verfasser: | |
| Format: | Manuskript Buch |
| Sprache: | Slowakisch |
| Veröffentlicht: |
2016
|
| Schlagworte: | |
| Online-Zugang: | http://is.stuba.sk/zp/portal_zp.pl?podrobnosti=133187 |
| Tags: |
Keine Tags, Fügen Sie das erste Tag hinzu!
|
MARC
| LEADER | 00000ntm a22000003a 4500 | ||
|---|---|---|---|
| 001 | stuzp57828 | ||
| 003 | SK-STU | ||
| 005 | 20160719155356.7 | ||
| 007 | ta | ||
| 008 | 150427s2015----xo-----f-mn---000-0-slo-d | ||
| 040 | |a STU |b slo | ||
| 041 | 0 | |a slo | |
| 100 | 1 | |a Hollý, Ján |u 020060 |4 aut |U SjF Strojnícka fakulta |T SjF Ústav energetických strojov a zariadení |X 62765 |U J0060 |Y 805 |7 62765 | |
| 242 | 0 | 1 | |a Cost savings in hot water preparation in block of flats |y eng |
| 245 | 1 | 0 | |a Úspora nákladov na prípravu teplej vody v bytovom dome |
| 260 | |c 2016 | ||
| 650 | 4 | |a teplá voda |2 slo | |
| 650 | 4 | |a tepelné straty |2 slo | |
| 650 | 4 | |a spotreba tepla |2 slo | |
| 650 | 4 | |a úspora nákladov |2 slo | |
| 650 | 4 | |a hot water |2 eng | |
| 650 | 4 | |a thermal losses |2 eng | |
| 650 | 4 | |a heat consumption |2 eng | |
| 650 | 4 | |a cost savings |2 eng | |
| 700 | 1 | |a Urban, František |u 020060 |k Z1 |4 ths |U SjF Strojnícka fakulta |T SjF Ústav energetických strojov a zariadení |X 2435 |U J0060 |Y 805 |7 A000002435 | |
| 856 | 4 | |u http://is.stuba.sk/zp/portal_zp.pl?podrobnosti=133187 | |
| 996 | |b 284J043949 |c J* 2239/BP |l JJSK |s A |a 24 |w stuzp57828_0001 | ||
| SQL | |a stuzp57828 |b DBP |c SLO |d Úspora nákladov na prípravu teplej vody v bytovom dome |e 62765 |f Hollý, Ján |g 020060 |h 2435 |i Urban, František |j 20160613 |k 1126 |l 02 |m http://is.stuba.sk/zp/portal_zp.pl?podrobnosti=133187 |n B-ESZ |o 5.2.6. energetické stroje a zariadenia | ||